La retórica del periodismo y otras retóricas
Guardat en:
| Autor principal: | |
|---|---|
| Format: | Llibre |
| Idioma: | espanyol |
| Publicat: |
Madrid
Espasa-Calpe
1985
|
| Col·lecció: | Colección Austral, 1654
|
| Matèries: | |
| Etiquetes: |
Afegir etiqueta
Sense etiquetes, Sigues el primer a etiquetar aquest registre!
|
MARC
| LEADER | 00000nam a2200000 a 4500 | ||
|---|---|---|---|
| 001 | UCN9582 | ||
| 003 | CL-VaPUC | ||
| 008 | 011207e19850000SP |||||||||||||||||spa|d | ||
| 082 | 0 | 4 | |a 865 |b AYA |2 21 |
| 100 | |a Ayala, Francisco |e author |9 466127 | ||
| 245 | 1 | 3 | |a La retórica del periodismo y otras retóricas |
| 300 | |a 181 p | ||
| 942 | |c BK | ||
| 945 | |d 20011207 00:00:00 |a crobeson | ||
| 260 | |a Madrid |b Espasa-Calpe |c 1985 | ||
| 650 | 7 | |a DISCURSOS ESPAÑOLES |2 CL-VaPUC |9 321290 | |
| 650 | 7 | |a ORATORIA ESPAÑOLA |2 CL-VaPUC |9 321291 | |
| 583 | |a last modification |c 20011207 00:00:00 |k Rodrigo Vera | ||
| 490 | 0 | |a Colección Austral, 1654 | |
| 999 | |c 298891 |d 298889 | ||
| 952 | |0 0 |1 0 |4 0 |6 865_000000000000000_AYA_1985 |7 0 |8 A |9 354886 |a FDOPOS |b FDOPOS |d 2019-11-21 |i 3701077 |o 865 AYA 1985 |p 3701077 |r 2023-08-09 |w 2019-11-21 |y BK |k MLA | ||